000 00424nam a2200169Ia 4500
008 230524s9999 xx 000 0 und d
020 _a9788126530052
082 _a33
_bJAI
100 _aShailendra Jain
245 0 _aModeling & Simulation Using Matlab - Simulink
250 _a1
260 _aNew Delhi
_bJ.Wiley
_c2012
300 _a"xviii,651p;"
500 _aQuantity Number: 5
650 _aComp-Sc
942 _cBK
999 _c52074
_d52074